000
00230nam a2200097Ia 4500
008
231212s1995 xx 000 0 und d
041
_a
eng
100
_a
Andrew S. T.
245
_a
Computer Networks
260
_a
Dhule
_b
Mc Graw
_c
1995
999
_c
964776
_d
964776